000 00299nam a22001457a 4500
008 221005b ||||| |||| 00| 0 eng d
020 _a091151775
041 _aeng
080 _a72
082 _a72
100 _a19.1
101 _aART
245 _aON THE WALL
_cTANNENBAUM J
942 _2udc
_cBK
999 _c58356
_d58356